| 000 | 02693cam a2200385 i 4500 | ||
|---|---|---|---|
| 999 |
_c15256 _d15256 |
||
| 001 | 18750341 | ||
| 005 | 20200612124649.0 | ||
| 008 | 150819s2015 nyu 000 1 eng | ||
| 010 | _a 2015021021 | ||
| 020 | _a9781590517611 (paperback) | ||
| 020 | _z9781590517628 (e-book) | ||
| 040 |
_aDLC _beng _cDLC _erda _dDLC |
||
| 041 | 1 |
_aeng _hswe |
|
| 042 | _apcc | ||
| 050 | 0 | 0 |
_aPT9876.1.N35342 _bE4413 2015 |
| 082 | 0 | 0 |
_a839.73/8 _223 |
| 084 |
_aFIC044000 _aFIC019000 _aFIC025000 _2bisacsh |
||
| 100 | 1 |
_aAndersson, Lena, _d1970- _eauthor. |
|
| 240 | 1 | 0 |
_aEgenmäktigt förfarande. _lEnglish |
| 245 | 1 | 0 |
_aWillful disregard : _ba novel about love / _cLena Andersson ; translated from the Swedish by Sarah Death. |
| 264 | 1 |
_aNew York : _bOther Press, _c2015. |
|
| 300 |
_a196 pages ; _c22 cm |
||
| 336 |
_atext _2rdacontent |
||
| 337 |
_aunmediated _2rdamedia |
||
| 338 |
_avolume _2rdacarrier |
||
| 520 | 2 |
_a"Winner of the August Prize, Sweden's most prestigious literary award: a novel about a perfectly reasonable woman's descent into the delusions of unrequited love. Ester Nilsson is a sensible person in a sensible relationship. Until the day she is asked to give a lecture on famous artist Hugo Rask. The man himself is in the audience, intrigued and clearly delighted by her fascination with him. When the two meet afterward, she is spellbound. Ester's life is then intrinsically linked to this meeting and the chain of events that unfolds. She leaves her boyfriend and throws herself into an imaginary relationship with Hugo. She falls deeply in love, and he consumes her thoughts. Indeed, in her own mind she's sure that she and Hugo are a couple. Slowly and painfully Ester comes to realize that her perception of the relationship is different from his. She's a woman who prides herself on having a rational and analytical mind, but in the face of her overpowering feelings for Hugo, she is too clever and too honest for her own good. Bitingly funny and darkly fascinating, Willful Disregard is a story about total and desperate devotion, and how willingly we betray ourselves in the pursuit of love"-- _cProvided by publisher. |
|
| 650 | 7 |
_aFICTION / Contemporary Women. _2bisacsh |
|
| 650 | 7 |
_aFICTION / Literary. _2bisacsh |
|
| 650 | 7 |
_aFICTION / Psychological. _2bisacsh |
|
| 655 | 7 |
_aLove stories. _2gsafd |
|
| 700 | 1 |
_aDeath, Sarah, _etranslator. |
|
| 856 | 4 | 2 |
_3Cover image _u9781590517611.jpg |
| 906 |
_a7 _bcbc _corignew _d1 _eecip _f20 _gy-gencatlg |
||
| 942 |
_2lcc _cOS _hPT9876.1.N35342.E4413 |
||